Datum a čas kvízu
37
Celkem bodů
Celkový počet nahraných bodů na tomto kvízu bez doplňovacích otázek.
4.
Pořadí na kvízu
Konečné umístění týmu na tomto kvízu.
Zaznamenané odpovědi
| # | Otázka | Odpověď | Body | Výsledky |
|---|---|---|---|---|
| 1. | Na půdě Poslanecké sněmovny se... | obrázek Milady Horákové | 1 | |
| 2. | Ruské úřady zrušily po dvou le... | Telegram | 1 | |
| 3. | Prezident Zeman ve středu pode... | Petr Jarchovský | 1 | |
| 4. | Alena Schillerová představila... | 5 740 Kč | 0 | |
| 5. | Napište názvy obou klubů, kter... | Slovan Liberec, Sparta Praha | 0 | |
| 6. | Napište dvě řecké předpony pou... | mega, mikro | 1 | |
| 7. | První záchytný bod v původní č... | 320 000 Kč | 1 | |
| 8. | Uveďte právní formu Milionu ch... | B | 1 | |
| 9. | V žebříčku deseti měst USA s v... | Kalifornie a Texas | 0.5 | |
| 10. | Slunce je od Země vzdáleno zhr... | 8 minut | 1 |